Cambios de fecundidad en México y políticas de población (notice nᵒ 8274)
[ vue normale ]
| 000 -Sello discográfico | |
|---|---|
| campo de control de longitud fija | 01304nam a2200361 4500 |
| 005 - Identificación de versión | |
| campo de control | 20251016085009.0 |
| 010 ## - Número Estándar Internacional de Libros (ISBN) | |
| Número (ISBN) | 968-16-3922-7 |
| 099 ## - fechas locales | |
| Tipo de ítem Koha | LIBRO |
| 100 ## - Datos de procesamiento general | |
| Datos de procesamiento general | 20250701d1992 m y1spay5003 ba |
| 101 ## - Idioma del recurso | |
| Idioma del texto, banda sonora, etc. | Español; Castellano |
| Idioma de la obra original | Francés |
| 105 ## - Campo de datos codificados: Material textual, monográfico | |
| Datos codificados de monografía | a 001zy |
| 200 1# - Título y mención de responsabilidad | |
| Título propio | Cambios de fecundidad en México y políticas de población |
| Designación general del material | texto impreso |
| Primer mención de responsabilidad | María Eugenia Zavala de Cosío |
| Declaración de responsabilidad subsiguiente | traducción Jorge Ferreiro |
| 205 ## - Declaración de edición | |
| Declaración de edición | 1a ed |
| 210 ## - Publicación, distribución, etc. | |
| Lugar de publicación, distribución, etc. | México |
| Nombre del editor, distribuidor, etc. | El Colegio de México |
| -- | Fondo de Cultura Económica |
| Fecha de publicación, distribución, etc. | 1992 |
| 215 ## - Descripción física | |
| Designación de material específico y extensión del ítem | 326 p |
| Otras características físicas | il. |
| Dimensiones | 23 cm |
| 345 ## - Nota de información de adquisición | |
| Fuente de adquisición/dirección de la suscripción [OBSOLETO] | Donación |
| 410 #1 - Series | |
| Título | Sección de Obras de Economía Latinoamericana |
| 454 #1 - Traducción de | |
| Título | Changements de fécondité au Mexique et politiques de population |
| 606 ## - Término temático usado como materia | |
| Elemento de entrada | Natalidad, Limitación de la |
| Número Koha | 14163 |
| 606 ## - Término temático usado como materia | |
| Elemento de entrada | Población |
| Número Koha | 12138 |
| 606 ## - Término temático usado como materia | |
| Elemento de entrada | Política demográfica |
| Número Koha | 14164 |
| 660 ## - Código de área geográfica | |
| Código | MX |
| 700 ## - Nombre personal - Responsabilidad primaria | |
| Elemento de entrada | Cosío Zavala |
| Parte del nombre distinta del elemento de entrada | María Eugenia |
| Fechas | 1945- |
| Número Koha | 828 |
| 702 ## - Nombre personal - Responsabilidad secundaria | |
| Elemento de entrada | Ferreiro Santana |
| Parte del nombre distinta del elemento de entrada | Jorge |
| Fechas | 1900- |
| Número Koha | 2323 |
| 801 ## - Fuente de origen | |
| País | FR |
| Agencia | cm |
| Reglas de catalogación (convenciones descriptivas) | AFNOR |
| 856 ## - Localización electrónica y acceso | |
| Identificador Uniforme de Recurso | https://repositorio.colmex.mx/concern/books/44558h21v |
| 900 ## - | |
| -- | 1/23834 |
| 900 ## - | |
| -- | 7100417642\080104 |
| 942 ## - ELEMENTOS DE ENTRADA SECUNDARIOS (KOHA) | |
| Tipo de ítem Koha | Livre |
| 996 ## - | |
| -- | MEX |
| -- | 751145101 |
| -- | MMAG |
| -- | 013079 |
| -- | 301.32 Z392C |
| -- | 20250701LIV |
| Estatus retirado | Estado de daño | Estado de pérdida | Fecha de adquisición | Biblioteca de origen | Biblioteca actual | Ubicación en estantería | Código de barras | Precio de reemplazo | Signatura topográfica completa | No para préstamo | Tipo de ítem Koha | Nota pública | Nota no pública |
|---|---|---|---|---|---|---|---|---|---|---|---|---|---|
| 05/08/2025 | Casa México Paris | Casa México Paris | 013079 | 05/08/2025 | 301.32 Z392C | Livre | 20250701LIV | 751145101 |